Fr. Conceicao Rodrigues College of Engineering

Computer Graphics C version (Record no. 23642)

MARC details
000 -LEADER
fixed length control field 00328nam a2200145Ia 4500
082 ## - DEWEY DECIMAL CLASSIFICATION NUMBER
Classification number 6.6
Item number HEA
100 ## - MAIN ENTRY--PERSONAL NAME
Personal name Hearn/D& Baker /M.P
250 ## - EDITION STATEMENT
Edition statement 2
245 ## - TITLE STATEMENT
Title Computer Graphics C version
260 ## - PUBLICATION, DISTRIBUTION, ETC.
Name of publisher, distributor, etc. Pearson Education
Place of publication, distribution, etc. New Delhi
Date of publication, distribution, etc. 1997
300 ## - PHYSICAL DESCRIPTION
Extent 652
546 ## - LANGUAGE NOTE
Language note ENGLISH
654 ## - SUBJECT ADDED ENTRY--FACETED TOPICAL TERMS
Focus term Computer Graphics
942 ## - ADDED ENTRY ELEMENTS (KOHA)
Koha item type BOOK
Holdings
Withdrawn status Lost status Damaged status Not for loan Collection Home library Current library Date acquired Total Checkouts Full call number Barcode Date last seen Date last checked out Price effective from Koha item type
        CRC Fr. Agnel's C.Rodrigues College of Engineering Fr. Agnel's C.Rodrigues College of Engineering 17/03/2023   6.6 HEA 15556 17/03/2023   17/03/2023 Reference Book
        CRC Fr. Agnel's C.Rodrigues College of Engineering Fr. Agnel's C.Rodrigues College of Engineering 17/03/2023   6.6 HEA 15557 17/03/2023   17/03/2023 BOOK
        CRC Fr. Agnel's C.Rodrigues College of Engineering Fr. Agnel's C.Rodrigues- College of Engineering 17/03/2023 1 6.6 HEA 15555 04/08/2023 26/07/2023 17/03/2023 BOOK